00280nam a2200121Ia 45000030006000000080041000060400015000471000026000622450019000882600022001075460012001290050017001410STCL150530s9999 xx 000 0 und d aSTCLcSTCL aKrishnamurthy, S.; Ed aOn the heights bOrient Longmanc0 aEnglish20220125170629.0